|
|
|
|
| LEADER |
00000nab a2200000 i 4500 |
| 001 |
publ39 |
| 005 |
20150224111734.0 |
| 008 |
150224s2010 hu o 000 zxx d |
| 022 |
|
|
|a 1789-2643
|
| 040 |
|
|
|a BGE Publikációtár Repozitórium
|b hun
|
| 100 |
1 |
|
|a Juhász László
|
| 245 |
1 |
0 |
|a Minőség 2012
|b minőségbiztosítás a jövő szállodáiban
|c Juhász László
|h [elektronikus dokumentum]
|
| 260 |
|
|
|a BGF KVIK
|c 2010
|
| 300 |
|
|
|a 38-46
|
| 490 |
0 |
|
|a Agora
|v 2010 No. 5
|
| 650 |
|
4 |
|a társadalomtudományok
|
| 695 |
|
|
|a Vendégelégedettség
|
| 695 |
|
|
|a Magyar Turizmus Minőségi Díj
|
| 700 |
1 |
|
|a Szalók Csilla
|e aut
|
| 856 |
4 |
0 |
|u https://publikaciotar.uni-bge.hu/id/eprint/39/1/Agora5_Juhasz_Szalok.pdf
|z Dokumentum-elérés
|